Bilecik Bilecik Bilecik Bilecik Bilecik

Bizans Döneminde Anadolu : (Record no. 26323)

MARC details
000 -BAŞLIK
Sabit Uzunluktaki Kontrol Alanı 01642nam a22004457a 4500
001 - KONTROL NUMARASI
Control Dosyası 0026379
003 - KONTROL NUMARASI KİMLİĞİ
Kontrol Alanı KOHA_MİRAKIL
005 - EN SON İŞLEM TARİHİ ve ZAMANI
Kontrol Alanı 20260207002527.0
007 - FİZİKSEL TANIM SABİT ALAN - GENEL BİLGİ
Sabit uzunluklu kontrol alanı ta
008 - SABİT UZUNLUKTAKİ VERİ ÖGELERİ - GENEL BİLGİ
Sabit Alan 101213b2009 tu |||gr||||#||||0|tur |
020 ## - ISBN - ULUSLARARASI STANDART KİTAP NUMARASI
Isbn 9786055738112
040 ## - KATALOGLAMA KAYNAĞI
Özgün Kataloglama Kurumu TR-BiSEU
Kataloglama Dili tur
Çeviri Kurumu TR-BiSEU
Açıklama Kuralları rda
041 0# - DİL KODU
Metin ya da ses kaydının dil kodu tur
044 ## - YAYINLAYAN/ÜRETEN KURULUŞUN ÜLKE KODU
ISO country code tu
050 ## - SINIFLAMA ve YER NUMARASI
Sınıflama Numarası DF552
Yer Numarası .B37 2009
100 1# - KİŞİ ADI
Yazar Adı (Kişi adı) Baskıcı, M. Murat.
245 1# - ESER ADI BİLDİRİMİ
Başlık Bizans Döneminde Anadolu :
Alt Eseradı vb. İktisadi ve Sosyal Yapı (900-1261)/
Sorumluluk Bildirimi M. Murat Baskıcı ; M. Murat Baskıcı.
264 #1 - ÜRERİM, YAYIN, DAĞITIM ve TELİF BİLDİRİMİ
Yayın yeri Ankara :
Yayınlayan Phoenix
Yayın tarihi 2009
300 ## - FİZİKSEL TANIMLAMA
Sayfa, Cilt vb. 288 sayfa; 21 cm.
336 ## - İÇERİK TÜRÜ
Content type term metin
Content type code txt
Source rdacontent
337 ## - MEDYA TÜRÜ
Media type term aracısız
Media type code n
Source rdamedia
338 ## - TAŞIYICI TÜRÜ
Carrier type term cilt
Carrier type code nc
Source rdacarrier
500 ## - GENEL NOT
Genel Not Dizin var.
500 ## - GENEL NOT
Genel Not Kaynakça var.
650 #0 - KONU BAŞLIĞI EK GİRİŞ - KONU TERİMİ
Konusal terim veya coğrafi ad Türkiye Ekonomik durum Tarih 1500'e kadar.
9 (RLIN) 52434
650 #0 - KONU BAŞLIĞI EK GİRİŞ - KONU TERİMİ
Konusal terim veya coğrafi ad Turkey Economic conditions History To 1500.
9 (RLIN) 52435
650 #0 - KONU BAŞLIĞI EK GİRİŞ - KONU TERİMİ
Konusal terim veya coğrafi ad Türkiye Sosyal durum Tarih 1500'e kadar.
9 (RLIN) 52436
650 #0 - KONU BAŞLIĞI EK GİRİŞ - KONU TERİMİ
Konusal terim veya coğrafi ad Turkey Social conditions History To 1500.
9 (RLIN) 52437
650 #0 - KONU BAŞLIĞI EK GİRİŞ - KONU TERİMİ
Konusal terim veya coğrafi ad Sosyal yapı--Türkiye Tarih 1500'e kadar.
9 (RLIN) 52438
650 #0 - KONU BAŞLIĞI EK GİRİŞ - KONU TERİMİ
Konusal terim veya coğrafi ad Social structure-- Turkey History To 1500.
9 (RLIN) 52439
650 #0 - KONU BAŞLIĞI EK GİRİŞ - KONU TERİMİ
Konusal terim veya coğrafi ad Türkiye--Tarih--1453.
9 (RLIN) 52440
650 #0 - KONU BAŞLIĞI EK GİRİŞ - KONU TERİMİ
Konusal terim veya coğrafi ad Turkey--History-- To 1453.
9 (RLIN) 52441
650 #0 - KONU BAŞLIĞI EK GİRİŞ - KONU TERİMİ
Konusal terim veya coğrafi ad Bizans İmparatorluğu Ekonomik durum.
9 (RLIN) 52442
650 #0 - KONU BAŞLIĞI EK GİRİŞ - KONU TERİMİ
Konusal terim veya coğrafi ad Byzantine Empire Economic conditions.
9 (RLIN) 52443
650 #0 - KONU BAŞLIĞI EK GİRİŞ - KONU TERİMİ
Konusal terim veya coğrafi ad Bizans İmparatorluğu Sosyal durum.
9 (RLIN) 52444
650 #0 - KONU BAŞLIĞI EK GİRİŞ - KONU TERİMİ
Konusal terim veya coğrafi ad Byzantine Empire Social conditions.
9 (RLIN) 52445
650 #0 - KONU BAŞLIĞI EK GİRİŞ - KONU TERİMİ
Konusal terim veya coğrafi ad Sosyal yapı-- Bizans İmparatorluğu.
9 (RLIN) 52446
650 #0 - KONU BAŞLIĞI EK GİRİŞ - KONU TERİMİ
Konusal terim veya coğrafi ad Social structure--Byzantine Empire.
9 (RLIN) 52447
942 ## - EK GİRİŞ ÖGELERİ (KOHA)
Source of classification or shelving scheme Library of Congress Classification
Koha item type Book
Holdings
Materyal Türü Kalıcı Konum Mevcut Konum Raf Yeri Sınıflandırma Kaynağı Edinim Bilgisi Ana Konular Alt Konular Yer Numarası Demirbaş Numarası Fatura Tarihi Maliyet, Alış Fiyatı Maliyet, Yenileme Fiyatı Geri Çekilme Durumu Kayıp Durumu Hasarlı Durumu Kredi için değil Kayıt Tarih Toplam Ödünçverme Son Görülme Tarihi Son Kontrol Tarihi
Book Prof. Dr. Azmi Özcan Kütüphanesi Prof. Dr. Azmi Özcan Kütüphanesi Uluğbey Salonu Library of Congress Classification Satın DÜNYA TARİHİ (AVRUPA, ASYA, AFRİKA VB.) Yunanistan DF552 .B37 2009 0026379 13/12/2010 10.20 10.20         13/12/2010 7 05/12/2024 05/12/2024